000 00586nam a2200193Ia 4500
999 _c11229
_d11229
003 OSt
005 20191216110854.0
008 190216s9999||||xx |||||||||||||| ||und||
020 _a9781107623767
040 _coclc
082 _a338.5
_bSER/S
100 _aSerrano, Roberto
_9484
245 2 _aA Short Course In Intermediate Microeconomics With Calculus /
_c Roberto Serrano / Allan M Feldman
250 _a1st ed.
260 _bCambridge Uty Press,
_c2013.
_aUSA:
300 _a381P
650 _aEconomics
942 _cBK
_2ddc
_h338.5
_iSER/S
_k338.5
_mSER/S